000 00525nam a2200133Ia 4500
008 170221s9999 xx 000 0 und d
100 _aDaniel Martín Pena
245 _aProfile of Contributors of University Radio in Spain: The Case of Students in the Area of Information Science
245 _cDaniel Martín Pena, Ana Segura Anaya, Carmen Marta Lazo
260 _bStudies in Media and Communication
650 _xCommunication
650 _xMedia Arts
856 _uhttp://redfame.com/journal/index.php/smc/issue/view/45
999 _c312788
_d312788